000 01836nam2a2200277 4500
001 rc\2949339
005 20260315060151.0
035 _a(NLR Aleph) 007097114
090 _a13601450
_c13601450
100 _a20110829d1940 u y0rusy50 ca
101 0 _arus
102 _aRU
105 _aa z |||||
200 0 _aСб. 7. Юбилейный
_fПод ред. д-ра мед. и биол. наук проф. К.З. Яцуты
210 _aРостов н/Д
_cРостовск. обл. ведомственное изд-во
_d1940
215 _a461, [5] с.
_cил., табл., граф.
300 _aНа тит. л. и обл.: 1915-XXVлет - 1940
300 _aПродолжение изд. см. в каталоге период. изд. на ш. Р16/254 под загл. "Сборник трудов ..."
461 0 _1001rc\2949332
_12000#$aТруды Ростовского на Дону государственного медицинского института$eСборник 1-$fОвт. ред. дир. Ин-та д-р А.И. Лихачев ...$vСб. 7. Юбилейный
_96632566
_aРостовский на Дону медицинский институт. Психоневрологическая клиника
_cРостов н/Д
_d1934
_fОвт. ред. дир. Ин-та д-р А.И. Лихачев ...
_nАзово-Черноморск. краев. кн-во
_oСборник 1-
_tТруды Ростовского на Дону государственного медицинского института
_vСб. 7. Юбилейный
702 1 _4340
_7ca
_8rus
_aЯцута
_bК. З.
_f1876-1953
_gКонстантин Захарьевич
_9198981
_3RU\NLR\AUTH\770199032
801 0 _aRU
_bNLR
_gpsbo
801 1 _aRU
_bELAR
_2rusmarc
852 _aNLR
_j34-19/445
942 _cUNSPEC
980 _aNB